Disney U : (Record no. 77077)
[ view plain ]
| 000 -LEADER | |
|---|---|
| fixed length control field | 01427nam a22002657a 4500 |
| 005 - DATE AND TIME OF LATEST TRANSACTION | |
| control field | 20130701120522.0 |
| 010 ## - LCCN (DPL NO) | |
| LC control number | ENG-107761 |
| 020 ## - INTERNATIONAL STANDARD BOOK NUMBER | |
| International Standard Book Number | 9781259097331 |
| Terms of availability | 550.00 |
| 035 ## - SYSTEM CONTROL NUMBER | |
| System control number | EN-91294 |
| 037 ## - SOURCE OF ACQUISITION | |
| Source of stock number/acquisition | DBAD/PUB |
| 082 00 - DEWEY DECIMAL CLASSIFICATION NUMBER | |
| Classification number | 658.3124 |
| Edition number | 23 |
| 100 1# - MAIN ENTRY--PERSONAL NAME | |
| Personal name | Lipp, Doug |
| 245 10 - TITLE STATEMENT | |
| Title | Disney U : |
| Remainder of title | how Disney University develops the world's most engaged, loyal, and customer-centric employees / |
| Statement of responsibility, etc | by Doug Lipp |
| 260 ## - PUBLICATION, DISTRIBUTION, ETC. (IMPRINT) | |
| Place of publication, distribution, etc | New Delhi |
| Name of publisher, distributor, etc | Tata McGraw Hill |
| Date of publication, distribution, etc | 2013 |
| 270 ## - ADDRESS | |
| Address | P-24 Green Park Extension |
| City | New Delhi |
| Postal code | 110016 |
| 300 ## - PHYSICAL DESCRIPTION | |
| Extent | xviii,222p. |
| Dimensions | 23cm(Hb) |
| 500 ## - GENERAL NOTE | |
| General note | Includes index |
| 505 0# - FORMATTED CONTENTS NOTE | |
| Formatted contents note | Note from the author -- Prologue -- Pulling back the curtain : the orientation -- Lesson #1: setting the stage for success -- Lesson #2: capture hearts and minds -- Lesson #3: it takes art and science -- Lesson #4: gather facts and feelings -- Lesson #5: be willing to change or be willing to perish -- Lesson #6: simplify the complex -- Lesson #7: the honeymoon will end -- Lesson #8: keep plussing the show -- Lesson #9: beyond orientation -- Lesson #10: the language of success -- Lesson #11: giving back -- Lesson#12: communicate globally -- Lesson #13: work hard, play hard. |
| 610 20 - SUBJECT ADDED ENTRY--CORPORATE NAME | |
| Corporate name or jurisdiction name as entry element | Disney University. |
| 650 #0 - SUBJECT ADDED ENTRY--TOPICAL TERM | |
| Topical term or geographic name as entry element | Customer relations |
| General subdivision | Management. |
| 650 #0 - SUBJECT ADDED ENTRY--TOPICAL TERM | |
| Topical term or geographic name as entry element | Employee motivation. |
| 650 #0 - SUBJECT ADDED ENTRY--TOPICAL TERM | |
| Topical term or geographic name as entry element | Employees |
| General subdivision | Training of. |
| 650 #0 - SUBJECT ADDED ENTRY--TOPICAL TERM | |
| Topical term or geographic name as entry element | Success in business. |
| 942 ## - ADDED ENTRY ELEMENTS (KOHA) | |
| Source of classification or shelving scheme | Dewey Decimal Classification |
| Item type | English Books |
| Classification part | 658.3124 |
| Call number suffix | LIP |
| Withdrawn status | Lost status | Not for loan | Collection code | Home library | Current library | Date acquired | Source of acquisition | Cost, normal purchase price | Full call number | Barcode | Copy number | Cost, replacement price | Koha item type |
|---|---|---|---|---|---|---|---|---|---|---|---|---|---|
| Not For Loan | Non-fiction | D.B.Act.Division | D.B.Act.Division | 01/07/2013 | DBAD/PUB | 550.00 | 658.3124 LIP | EN-91294 | 1 | 550.00 | English Books |
